<?xml version="1.0" encoding="UTF-8"?>
<collection xmlns="http://www.loc.gov/MARC21/slim">
 <record>
  <leader>01336pam a22003138a 4500</leader>
  <controlfield tag="001">00017888</controlfield>
  <controlfield tag="005">20171026081022.0</controlfield>
  <controlfield tag="008">110422s1981                  ||||||Viesd</controlfield>
  <datafield tag="041" ind1="0" ind2="#">
   <subfield code="a">Vie</subfield>
  </datafield>
  <datafield tag="082" ind1="1" ind2="4">
   <subfield code="a">895.922 08</subfield>
   <subfield code="b">H466T</subfield>
  </datafield>
  <datafield tag="100" ind1="0" ind2="#">
   <subfield code="e">chọn lọc và sắp xếp</subfield>
   <subfield code="a">Hà Văn Thư</subfield>
  </datafield>
  <datafield tag="245" ind1="0" ind2="0">
   <subfield code="a">Hợp tuyển thơ văn các tác giả dân tộc thiểu số Việt Nam ( 1945 - 1980 )</subfield>
   <subfield code="c">Hà Văn Thư, Phúc Tước, Quốc Thang; Nông Quốc Chấn</subfield>
  </datafield>
  <datafield tag="260" ind1="#" ind2="#">
   <subfield code="a">H.</subfield>
   <subfield code="b">Văn hóa</subfield>
   <subfield code="c">1981</subfield>
  </datafield>
  <datafield tag="300" ind1="#" ind2="#">
   <subfield code="a">430 tr.</subfield>
   <subfield code="c">27 cm.</subfield>
  </datafield>
  <datafield tag="650" ind1="#" ind2="4">
   <subfield code="a">Dân tộc thiểu số</subfield>
  </datafield>
  <datafield tag="650" ind1="#" ind2="4">
   <subfield code="a">Việt Nam</subfield>
  </datafield>
  <datafield tag="650" ind1="#" ind2="4">
   <subfield code="a">Văn học hiện đại</subfield>
  </datafield>
  <datafield tag="653" ind1="#" ind2="#">
   <subfield code="a">Hợp tuyển</subfield>
  </datafield>
  <datafield tag="653" ind1="#" ind2="#">
   <subfield code="a">Văn xuôi</subfield>
  </datafield>
  <datafield tag="653" ind1="#" ind2="#">
   <subfield code="a">Truyện thơ</subfield>
  </datafield>
  <datafield tag="653" ind1="#" ind2="#">
   <subfield code="a">Thơ</subfield>
  </datafield>
  <datafield tag="700" ind1="0" ind2="#">
   <subfield code="a">Nông Quốc Chấn</subfield>
   <subfield code="e">viết lời tựa</subfield>
  </datafield>
  <datafield tag="700" ind1="0" ind2="#">
   <subfield code="a">Phúc Tước</subfield>
   <subfield code="e">chọn lọc và sắp xếp</subfield>
  </datafield>
  <datafield tag="700" ind1="0" ind2="#">
   <subfield code="a">Quốc Thang</subfield>
   <subfield code="e">chọn lọc và sắp xếp</subfield>
  </datafield>
  <datafield tag="852" ind1="#" ind2="#">
   <subfield code="j">KD.0003223</subfield>
   <subfield code="j">KM.0005524</subfield>
   <subfield code="j">KM.0005525</subfield>
   <subfield code="j">KM.0005527</subfield>
   <subfield code="j">KM.0005528</subfield>
   <subfield code="j">KM.0005526</subfield>
   <subfield code="j">KM.0005529</subfield>
  </datafield>
  <datafield tag="852" ind1="#" ind2="#">
   <subfield code="j">KD.0003223</subfield>
   <subfield code="b">Kho đọc</subfield>
  </datafield>
  <datafield tag="852" ind1="#" ind2="#">
   <subfield code="b">Kho mượn</subfield>
   <subfield code="j">KM.0005524, KM.0005525, KM.0005526, KM.0005527, KM.0005528, KM.0005529</subfield>
  </datafield>
  <datafield tag="910" ind1=" " ind2=" ">
   <subfield code="d">22/04/2011</subfield>
  </datafield>
  <datafield tag="980" ind1="#" ind2="#">
   <subfield code="a">Trung tâm Học liệu Lê Vũ Hùng, Trường Đại học Đồng Tháp</subfield>
  </datafield>
 </record>
</collection>
